Southville International School and Colleges
Your cart is empty.
  • Cart
  • Lists
    Public lists Eva Luna New books Lux_list list_1
    Your lists Log in to create your own lists
  • Log in to your account
  • Your cookies
  • Search history
Southville International School and Colleges
  • Advanced search
  • Recent comments
  • Most popular
  • Libraries

Log in to your account

Log in with GOOGLE


If you do not have an external account, but do have a local account, you can still log in:

  1. Home
  2. MARC view: Math steps lesson planner :
Normal view MARC view ISBD view

Math steps lesson planner : (Record no. 105038)

[ view plain ]
MARC details
000 -LEADER
fixed length control field 00685nam a2200181 a 4500
005 - DATE AND TIME OF LATEST TRANSACTION
control field 20140412111336.0
008 - FIXED-LENGTH DATA ELEMENTS--GENERAL INFORMATION
fixed length control field 031017s19uu xx 00 eng d
020 ## - INTERNATIONAL STANDARD BOOK NUMBER
International Standard Book Number 0-395-98310-X
050 ## - LIBRARY OF CONGRESS CALL NUMBER
Classification number TR(GS 510.7
Item number Le563 2000
245 ## - TITLE STATEMENT
Title Math steps lesson planner :
Remainder of title california edition.
260 ## - PUBLICATION, DISTRIBUTION, ETC. (IMPRINT)
Place of publication, distribution, etc Boston :
Name of publisher, distributor, etc Houghton Mifflin,
Date of publication, distribution, etc 2000.
300 ## - PHYSICAL DESCRIPTION
Extent 63 p.
440 ## - SERIES STATEMENT/ADDED ENTRY--TITLE
Title Houghton Mifflin
500 ## - GENERAL NOTE
General note Contents: Mathsteps and Mathland Connections--Unit-byUnit Planning for Complete Concept Development--MathSteps Correlation to the California Mathematics Academic Standards.
650 ## - SUBJECT ADDED ENTRY--TOPICAL TERM
Topical term or geographic name as entry element Mathematics--Lesson Planning
650 ## - SUBJECT ADDED ENTRY--TOPICAL TERM
Topical term or geographic name as entry element Mathematics--Study and Teaching
Holdings
Withdrawn status Lost status Damaged status Use restrictions Home library Current library Shelving location Date acquired Source of acquisition Total Checkouts Full call number Barcode Date last seen Price effective from Koha item type
        Elizalde Library Elizalde Library Teachers Reference Section 10/17/2003     TR(GS 510.7 Le563 2000 E9317 04/12/2014 04/12/2014 Books

Math steps lesson planner :

APA

(2000). Math steps lesson planner. Boston: Houghton Mifflin.

Chicago

2000. Math steps lesson planner. Boston: Houghton Mifflin.

Harvard

(2000). Math steps lesson planner. Boston: Houghton Mifflin.

MLA

Math steps lesson planner. Boston: Houghton Mifflin. 2000.

  • Place hold
  • Print
  • Cite
  • Add to your cart (remove)
  • Save record
    BIBTEX Dublin Core MARCXML MARC (non-Unicode/MARC-8) MARC (Unicode/UTF-8) MARC (Unicode/UTF-8, Standard) MODS (XML) RIS
  • More searches
    Search for this title in:
    Other Libraries (WorldCat) Other Databases (Google Scholar) Online Stores (Bookfinder.com) Open Library (openlibrary.org)

Exporting to Dublin Core...

SOUTHVILLE LIBRARY

Southville International School and Colleges Library

1281 Tropical Ave. Cor. Luxembourg St., BF Homes International, Las Pinas City

Tel. No. 8256374 / 252358 Loc. 117/146

Powered by Koha